• 首页
  • 本馆介绍
  • 公告通知
  • 最新文献
  • 馆藏检索
  • 电子资源
  • 读者导购
  • 参考咨询
  • 我的图书馆
  • 登录
  • 详细信息显示
  • 放入我的书架
  • 预约/预借图书
  • 作者相关作品
  • 分类相关作品
  • 丛书相关作品
  • 出版社相关作品

书目信息

  • 表格格式
  • 工作单格式
  • 卡片格式
题名:
网络心魔
    
 
作者: 扬 著 ;毛英明 , 毛巧明 译
分册:  
出版信息: 上海   上海译文出版社  2005
页数: 268页
开本: 22cm
丛书名:
单 册:
中图分类: C913.8
科图分类:
主题词: 计算机网络--影响--青少年教育 , 青少年教育
电子资源:
ISBN: 7-5327-3690-3
000 01338nam0 2200313 45
001 0900000032773
005 20051205150326.17
010    @a7-5327-3690-3@dCNY19.00
092    @aCN
100    @a20050603d2005 ekmy0chiy0120 ea
101 1  @achi@ceng
102    @aCN@b310000
105    @ay z 000yy
200 1  @a网络心魔@9wang luo xin mo@d= Caught in the Net@e网瘾的症状与康复策略@f(美)金伯利·S·扬著@F(mei)jin bo li·S·yang zhu@g毛英明,毛巧明译@zeng
210    @a上海@c上海译文出版社@d2005
215    @a268页@d22cm
314    @a金伯利·S·扬博士是国际知名的研究网瘾的心理学专家,网瘾中心的创办人,该中心为那些对付因特网滥用问题的教育机构、精神健康诊所和公司提供咨询。她的研究文章多次刊登在New Your Times 等知名刊物上。目前,她是美国匹兹堡大学布拉德福德分校的心理学教授。
330    @a本书主要从电脑空间的阴暗面,终端上的时间异常,网络瘾君子的形象,身份不明的社区,电脑寡妇:终端恋爱的牺牲品等相关内容进行了阐述。
510 1  @aCaught in the Net@zeng
517 1  @a网瘾的症状与康复策略@9wang yin de zheng zhuang yu kang fu ce lue
606 0  @a计算机网络@x影响@x青少年教育
606 0  @a青少年教育
690    @aC913.8@v4
701  0 @a扬@Ayang@4著
702  0 @a毛英明@9mao ying ming@4译
702  0 @a毛巧明@9mao qiao ming@4译
801  0 @aCN@bCXYBOOK@c20051205
905    @a10447@dC913.8@e368
999    @aLYF@eJDD
    
    网络心魔= Caught in the Net:网瘾的症状与康复策略/(美)金伯利·S·扬著/毛英明,毛巧明译.-上海:上海译文出版社,2005
    268页;22cm
    
    
    ISBN 7-5327-3690-3:CNY19.00
    本书主要从电脑空间的阴暗面,终端上的时间异常,网络瘾君子的形象,身份不明的社区,电脑寡妇:终端恋爱的牺牲品等相关内容进行了阐述。
●
相关链接 在E读中查询图书 在五车中查询图书 在当当中查询图书 在豆瓣中查询图书


正题名:网络心魔     索取号:C913.8/368         预约/预借

序号 登录号 条形码 馆藏地/架位号 状态 备注
1 0370135   203701351   第一样本阅览室/ [索取号:C913.8/368] 在馆    
2 0370136   203701360   第一借阅区/ [索取号:C913.8/368] 在馆    
3 0370137   203701379   教育系资料室/ [索取号:C913.8/368] 在馆    
4 0370138   203701388   教育系资料室/ [索取号:C913.8/368] 在馆    
5 0370139   203701397   第一借阅区/ [索取号:C913.8/368] 在馆    
唐山师范学院图书馆 欢迎您!
大连网信软件有限公司© 版权所有